000 00569nam a2200205 i 4500
001 76036
003 ES-MaACL
005 20250808062531.0
007 t|
008 040928s1962 sp |||| | spa d
100 1 _aGuardini, Romano.
_960319
245 1 0 _aVoluntad y verdad /
_cRomano Guardini ; versión directa del alemán.
260 _aSan Sebastián :
_bDinor,
_c1962.
300 _a184 p. ;
_c19 cm.
490 1 _aPrisma
650 0 4 _aEjercicios espirituales.
_912133
830 0 0 _aPrisma
_9180749
852 _aES-MaACL
_jC-22613
999 _c76036
_d76036